Statistiken für Die 20 beliebtesten Hits des Eurovision Song Contests

Klicken Sie hier um das Quiz zu spielen!

Allgemein

  • Dieses Quiz wurde 349 mal gespielt
  • Das Durchschnittsergebnis liegt bei 9 aus 20

Antwortstatistiken

PlatzierungJahrLandTitel% Korrekt
12012SchwedenLoreen – Euphoria
86%
191974SchwedenABBA – Waterloo
80%
132014ÖsterreichConchita Wurst – Rise Like A Phoenix
71%
152009NorwegenAlexander Rybak – Fairytale
66%
72015SchwedenMåns Zelmerlöw – Heroes
66%
32016UkraineJamala – 1944
57%
122014NiederlandeThe Common Linnets – Calm After The Storm
42%
142007SerbienMarija Šerifovic – Molitva
41%
22017PortugalSalvador Sobral – Amar Pelos Dois
38%
52017BelgienBlanche - City Lights
37%
202005GriechenlandHelena Paparizou – My Number One
37%
42015ItalienIl Volo – Grande Amore
33%
102015BelgienLoïc Nottet – Rhythm Inside
32%
162010TürkeimaNga – We Could Be The Same
32%
112016RusslandSergey Lazarev – You Are The Only One
31%
62003TürkeiSertab Erener – Everyway That I Can
29%
182015EstlandElina Born & Stig Rästa – Goodbye To Yesterday
26%
92017ItalienFrancesco Gabbani – Occidentali’s Karma
26%
172016BulgarienPoli Genova – If Love Was A Crime
24%
82012SpanienPastora Soler – Quédate Conmigo
15%

Verteilung der Resultate

Perzentil nach korrekt beantworteten Fragen

Anzahl Personen mit jedem Resultat

Ihre Resultats-Entwicklung

Sie haben dieses Quiz noch nicht gespielt